Artists That Have Worked with Nate Dogg - Statistics

General Stats
  • This quiz has been taken 5 times
  • The average score is 5 of 19
Answer Stats
Artist % Correct
Dr Dre
100%
Eminem
100%
Snoop Dogg
100%
50 Cent
80%
Warren G
80%
Kurupt
20%
Xzibit
20%
Bun B
0%
Chingy
0%
E-40
0%
Fabolous
0%
Houston
0%
I-20
0%
Ludacris
0%
Mos Def
0%
Pharoah Monch
0%
Shade Sheist
0%
WC
0%
Young Jeezy
0%
No matching quizzes found
Score Distribution
Percent of People with Each Score
Percentile by Number Answered
Your Score History
You have not taken this quiz